Fiskalpolitik und Konjunktur

Uložené v:
Podrobná bibliografia
Hlavný autor: Boss, Alfred
Médium: Kniha
Jazyk:German
Vydavateľské údaje: Kiel Institut für Weltwirtschaft 1996
Edícia:Kieler Arbeitspapier Nr. 772
Predmet:
Tagy: Pridať tag
Žiadne tagy, Buďte prvý, kto otaguje tento záznam!

MARC

LEADER 00000nam a2200000 4500
001 c018321
005 20221214071047.3
041 0 |a ger 
044 |a DE 
245 1 0 |a Fiskalpolitik und Konjunktur  |c Alfred Boss 
264 1 |a Kiel  |b Institut für Weltwirtschaft  |c 1996 
300 |a 21 s. 
490 1 |a Kieler Arbeitspapier  |v Nr. 772 
830 0 |a Kieler Arbeitspapier  |v Nr. 772 
610 2 0 |a politika fiškálna 
610 2 0 |a konjunktúra 
610 2 0 |a politika finančná 
610 2 0 |a údaje štatistické 
610 2 0 |a rozpočet štátny 
610 2 0 |a deficit 
610 2 0 |a Nemecko 
100 1 |a Boss, Alfred